<?xml version="1.0" encoding="UTF-8"?>
<record
    xmlns:xsi="http://www.w3.org/2001/XMLSchema-instance"
    xsi:schemaLocation="http://www.loc.gov/MARC21/slim http://www.loc.gov/standards/marcxml/schema/MARC21slim.xsd"
    xmlns="http://www.loc.gov/MARC21/slim">

  <leader>00466nam a22001457a 4500</leader>
  <controlfield tag="005">20251015101844.0</controlfield>
  <controlfield tag="008">251015b        |||||||| |||| 00| 0 eng d</controlfield>
  <datafield tag="040" ind1=" " ind2=" ">
    <subfield code="a">National Science Library</subfield>
    <subfield code="c">National Science Library</subfield>
  </datafield>
  <datafield tag="080" ind1=" " ind2=" ">
    <subfield code="a">351.71(540.23)</subfield>
    <subfield code="b">Q6</subfield>
  </datafield>
  <datafield tag="245" ind1=" " ind2=" ">
    <subfield code="a">Delhi analysis of rates (E&amp;M)</subfield>
    <subfield code="c">/ Central Public Works Department</subfield>
  </datafield>
  <datafield tag="260" ind1=" " ind2=" ">
    <subfield code="a">New Delhi: </subfield>
    <subfield code="b">Central Public Works Department, </subfield>
    <subfield code="c">2016</subfield>
  </datafield>
  <datafield tag="300" ind1=" " ind2=" ">
    <subfield code="a">viii, 584p.</subfield>
  </datafield>
  <datafield tag="650" ind1=" " ind2=" ">
    <subfield code="a">Science</subfield>
  </datafield>
  <datafield tag="942" ind1=" " ind2=" ">
    <subfield code="2">udc</subfield>
    <subfield code="c">REP</subfield>
  </datafield>
  <datafield tag="999" ind1=" " ind2=" ">
    <subfield code="c">67848</subfield>
    <subfield code="d">67848</subfield>
  </datafield>
  <datafield tag="952" ind1=" " ind2=" ">
    <subfield code="0">0</subfield>
    <subfield code="1">0</subfield>
    <subfield code="2">udc</subfield>
    <subfield code="4">0</subfield>
    <subfield code="6">3517154023_Q6</subfield>
    <subfield code="7">0</subfield>
    <subfield code="9">183438</subfield>
    <subfield code="a">NSL</subfield>
    <subfield code="b">NSL</subfield>
    <subfield code="c">NSL-NIScPR</subfield>
    <subfield code="d">2016-12-02</subfield>
    <subfield code="l">0</subfield>
    <subfield code="o">351.71(540.23) Q6</subfield>
    <subfield code="p">252196</subfield>
    <subfield code="r">2025-10-15 10:19:46</subfield>
    <subfield code="w">2016-12-02</subfield>
    <subfield code="y">REP</subfield>
  </datafield>
</record>
